000
00186 a2200097 4500
020
_a
9780075822455
041
_a
spa
100
_a
Ospina, Monica
245
_a
Mensaje en Clave
942
_c
BK
999
_c
9796
_d
9796